000 00900nam a2200193 a 4500
008 130730s2007 ||||||||||||||||| || u
050 _aCOMESA(05)
110 _aCommon Market for Eastern and Southern Africa (COMESA)
245 1 0 _ae-COMESA News - 2007: archive, Vol. 2
_cby Common Market for Eastern and Southern Africa [COMESA]
260 _aLusaka:
_bCommon Market for Eastern and Southern Africa (COMESA)
_c2007
300 _a80p.: ill.
362 1 _a<p>2007, Archive Vol. 2</p>
490 _ae-COMESA News
490 _vVol. 2
650 _ae-COMESA--NEWS ARCHIVES
650 _aCOMESA--NEWS
995 _aSPECIAL COLLECTIONS
_e862
_FCBU-MAIN LIBRARY (Kitwe)
_jCOMESA(05)ECN/2007/2B
_M2
_UAVAILABLE
_WAug 6, 2013
_yB862
_ZInternational Publications
995 _aSPECIAL COLLECTIONS
_e861
_FCBU-MAIN LIBRARY (Kitwe)
_jCOMESA(05)ECN/2007/2A
_M1
_UAVAILABLE
_WAug 6, 2013
_yB861
_ZInternational Publications
999 _c75673
_d75673